Roztáča sa deflačná špirála?
Prejavy deflácie vo svetovej ekonomike v minulosti. Deflácia - výrazné klesanie úrokových sadzieb a s tým súvisiace klesanie cien tovarov a znižovanie miezd. Čína a India a ich bezkonkurenčné ceny tovarov ako zdroj deflačnej špirály. Deflácia v USA. Postoj slovenských menových autorít k problematike...
Uložené v:
| Hlavný autor: | |
|---|---|
| Médium: | Kapitola |
| Jazyk: | Slovak |
| Predmet: | |
| Tagy: |
Žiadne tagy, Buďte prvý, kto otaguje tento záznam!
|
MARC
| LEADER | 00000naa$a2200000$$$4500 | ||
|---|---|---|---|
| 001 | 0025753 | ||
| 005 | 20231009070216.4 | ||
| 041 | 0 | |a slo | |
| 044 | |a SK | ||
| 245 | 1 | 0 | |a Roztáča sa deflačná špirála? |c Miloš Hosek |
| 520 | |a Prejavy deflácie vo svetovej ekonomike v minulosti. Deflácia - výrazné klesanie úrokových sadzieb a s tým súvisiace klesanie cien tovarov a znižovanie miezd. Čína a India a ich bezkonkurenčné ceny tovarov ako zdroj deflačnej špirály. Deflácia v USA. Postoj slovenských menových autorít k problematike deflácie. | ||
| 610 | 2 | 0 | |a bankovníctvo |
| 610 | 2 | 0 | |a financie verejné |
| 610 | 2 | 0 | |a trh finančný |
| 610 | 2 | 0 | |a sadzby úrokové |
| 610 | 2 | 0 | |a sadzby diskontné |
| 610 | 2 | 0 | |a investície |
| 610 | 2 | 0 | |a deflácia |
| 610 | 2 | 0 | |a inflácia |
| 100 | 1 | |a Hosek, Miloš | |